ARRUPE JESUIT UNIVERSITY

CORONAVIRUS -STOP THE SPREAD - CLEAN,DISINFECT,COVER

Finding voice to give God praise : (Record no. 119102)

MARC details
000 -LEADER
fixed length control field 01033cam a2200277 a 4500
001 - CONTROL NUMBER
control field 2613673
003 - CONTROL NUMBER IDENTIFIER
control field ARRUPE
005 - DATE AND TIME OF LATEST TRANSACTION
control field 20131205135300.0
008 - FIXED-LENGTH DATA ELEMENTS--GENERAL INFORMATION
fixed length control field 980202s1998 mnua b 010 0 eng
010 ## - LIBRARY OF CONGRESS CONTROL NUMBER
LC control number 98005541
020 ## - INTERNATIONAL STANDARD BOOK NUMBER
International Standard Book Number 0814624960 (pbk. : alk. paper)
040 ## - CATALOGING SOURCE
Original cataloging agency DLC
Transcribing agency DLC
Modifying agency DLC
050 00 - LIBRARY OF CONGRESS CALL NUMBER
Classification number BX1970
Item number .F53 1998
082 00 - DEWEY DECIMAL CLASSIFICATION NUMBER
Classification number 264/.02
Edition number 21
300 ## - PHYSICAL DESCRIPTION
Other physical details ill. ;
Dimensions 23 cm.
245 00 - TITLE STATEMENT
Title Finding voice to give God praise :
Remainder of title essays in the many languages of the liturgy /
Statement of responsibility, etc editor, Kathleen Hughes.
260 ## - PUBLICATION, DISTRIBUTION, ETC. (IMPRINT)
Place of publication, distribution, etc Collegeville, Minn. :
Name of publisher, distributor, etc Liturgical Press,
Date of publication, distribution, etc c1998.
300 ## - PHYSICAL DESCRIPTION
Extent xviii, 321 p. :
500 ## - GENERAL NOTE
General note Festschrift honoring Gilbert Ostdiek.
504 ## - BIBLIOGRAPHY, ETC. NOTE
Bibliography, etc Includes bibliographical references.
610 20 - SUBJECT ADDED ENTRY--CORPORATE NAME
Corporate name or jurisdiction name as entry element Catholic Church
General subdivision Liturgy.
9 (RLIN) 5201
700 1# - ADDED ENTRY--PERSONAL NAME
Personal name Hughes, Kathleen,
Dates associated with a name 1942-
9 (RLIN) 5202
700 1# - ADDED ENTRY--PERSONAL NAME
Personal name Ostdiek, Gilbert.
9 (RLIN) 5203
906 ## - LOCAL DATA ELEMENT F, LDF (RLIN)
a 7
b cbc
c orignew
d 1
e ocip
f 19
g y-gencatlg
942 ## - ADDED ENTRY ELEMENTS (KOHA)
Source of classification or shelving scheme Library of Congress Classification
Koha item type Monograph ( Printed materials)
Holdings
Withdrawn status Lost status Source of classification or shelving scheme Damaged status Not for loan Home library Current library Shelving location Date acquired Total Checkouts Full call number Barcode Date last seen Price effective from Koha item type
    Library of Congress Classification     ARRUPE LIBRARY ARRUPE LIBRARY Main Collection 05/12/2013   BX1970 .F53 1998 464123231 22/11/2017 05/12/2013 Monograph ( Printed materials)

 

Arrupe Library. PO Box MP320 Mt Pleasant, Harare, Zimbabwe
263 242 745411|librarian@aju.ac.zw